000 00706nam a2200229Ii 4500
003 JO-AjNU
008 230605s9999||||xx |||||||||||||| ||und||
017 _a2008/2472
020 _a977-287-773-2
040 _aJO-AjNU
_bara
_erda
_cJO-AjNU
041 _aara
050 1 4 _aQA76.73 2008
100 3 _aالشافي ، مصطفى عبد,
_eauthor
_927889
245 0 0 _aاحترف EXCEL 2007
264 3 1 _a القاهرة:الكتب العلمية ، 2008
300 _a476ص
336 _atext
_btxt
_2rdacontent
337 _aunmediated
_bn
_2rdamedia
338 _avolume
_bnc
_2rdacarrier
490 0 _aسلسلة احترف
650 4 _aالحاسبات الالكترونية-برامج
_927890
999 _aA10751
_c14319
_d14319